Congreso de Instituciones Hispánicas : (Record no. 46614)

MARC details
000 -LEADER
campo de control de longitud fija 01033nam a2200229 i 4500
001 - NÚMERO DE CONTROL
campo de control 46614
003 - IDENTIFICADOR DE NÚMERO DE CONTROL
campo de control ES-MaACL
005 - FECHA Y HORA DE LA ÚLTIMA TRANSACCIÓN
campo de control 20250829133326.0
007 - CAMPO FIJO DE DESCRIPCIÓN FÍSICA--INFORMACIÓN GENERAL
campo de control de longitud fija t|
008 - DATOS DE LONGITUD FIJA--INFORMACIÓN GENERAL
campo de control de longitud fija 030331s1963 sp ||||1| spa d
111 2# - ENTRADA PRINCIPAL--NOMBRE DE CONGRESO/REUNIÓN
Nombre de congreso/reunión o jurisdicción como elemento de entrada Congreso de Instituciones Hispánicas (
Número del congreso/reunión o número de parte o sección 1º.
Fecha del congreso o de la firma del tratado 1963.
Sede del congreso/Lugar de la reunión Madrid)
9 (RLIN) 311
245 10 - MENCIÓN DEL TÍTULO
Título Congreso de Instituciones Hispánicas :
Resto del título [celebrado en Madrid, del 5 al 15 de junio de 1963, en el Instituto de Cultura Hispánica].
260 ## - PUBLICACIÓN, DISTRIBUCIÓN, ETC.
Lugar de publicación, distribución, etc. Madrid :
Nombre del editor, distribuidor, etc. Cultura Hispánica,
Fecha de publicación, distribución, etc. 1963.
300 ## - DESCRIPCIÓN FÍSICA
Extensión 312 p. ;
Dimensiones 27 cm.
505 8# - NOTA DE CONTENIDO CON FORMATO
Nota de contenido con formato Contiene: Asamblea de Dirigentes de Institutos de Cultura Hispánica ; Asamblea de Filología ; Asamblea de Economía ; Mesa Redonda de Sociología Ibero-Americana de Madrid
650 #7 - PUNTO DE ACCESO ADICIONAL DE MATERIA--TÉRMINO DE MATERIA
Término de materia o nombre geográfico como elemento de entrada Hispanidad
Fuente del encabezamiento o término embne
9 (RLIN) 139321
650 #4 - PUNTO DE ACCESO ADICIONAL DE MATERIA--TÉRMINO DE MATERIA
Término de materia o nombre geográfico como elemento de entrada Lengua española-
Subdivisión de forma Congresos y asambleas.
9 (RLIN) 172650
651 #4 - PUNTO DE ACCESO ADICIONAL DE MATERIA--NOMBRE GEOGRÁFICO
Nombre geográfico América Latina-
Subdivisión general Civilización-
Subdivisión de forma Congresos y asambleas.
9 (RLIN) 139273
710 2# - ENTRADA AGREGADA--NOMBRE DE ENTIDAD CORPORATIVA
Nombre de entidad corporativa o nombre de jurisdicción como elemento de entrada Instituto de Cultura Hispánica (España)
9 (RLIN) 4854
852 ## - LOCALIZACIÓN
Ubicación ES-MaACL
Número de control de estantería C-25921
Holdings
Estatus retirado Estado de pérdida Estado de daño No para préstamo Biblioteca de origen Biblioteca actual Ubicación en estantería Fecha de adquisición Fuente de adquisición Total de préstamos Signatura topográfica completa Código de barras Visto por última vez Precio de reemplazo Tipo de ítem Koha
        Biblioteca del Ateneo de Madrid Biblioteca del Ateneo de Madrid Depósito 2 17/01/2008     C-25921 1049025 23/02/2023 23/02/2023 Libro impreso